00775nas a2200229Ia 4500001001100000003000900011008004100020040001300061040001300074041001300087100004100100210002000141222002000161245009400181250001100275260002800286501008600314300001700400362004300417500004900460650003600509R012/42577IT-RoPAU151124c99999999xx |||||||||||| ||und|| aIT-RoPAU cIT-RoPAU aITALIANO aFink GuidogCodice Aut. SPICS: 6639 aCINEMA & CINEMA aCinema & Cinema aCINEMA & CINEMA, ANNO 03-N.09 (OTTOBRE-DICEMBRE 1976)bKubrick: Non Raccontare Una Storia a1a ed. aVENEZIAbMARSILIOc1976 bPaulus - SPICS - Società San Paolo EM (non-commercial uses only)cCopyright2015 a8 p. [78-85] aANNO 003, N.09 (OTTOBRE-DICEMBRE 1976) aNote Critiche Sul Cinema di Stanley Kubrick. aCINEMAvPUBBLICAZIONE PERIODICA